Flöte des Pan und Horn des Krieges, (Record no. 4951)

MARC details
000 -LEADER
fixed length control field 00512cam a22001931 4500
001 - CONTROL NUMBER
control field af 48002261
003 - CONTROL NUMBER IDENTIFIER
control field DLC
005 - DATE AND TIME OF LATEST TRANSACTION
control field 20260227110854.0
008 - FIXED-LENGTH DATA ELEMENTS--GENERAL INFORMATION
fixed length control field 750722s1944 xx 000 0 ger
010 ## - LIBRARY OF CONGRESS CONTROL NUMBER
LC control number af 48002261
035 ## - SYSTEM CONTROL NUMBER
System control number (OCoLC)1466082
040 ## - CATALOGING SOURCE
Original cataloging agency DLC
Transcribing agency FMU
Modifying agency DLC
042 ## - AUTHENTICATION CODE
Authentication code premarc
050 00 - LIBRARY OF CONGRESS CALL NUMBER
Classification number PT2621.R564
Item number F5
100 1# - MAIN ENTRY--PERSONAL NAME
Personal name Kreutzer, Rudolf,
Dates associated with a name 1897-
245 10 - TITLE STATEMENT
Title Flöte des Pan und Horn des Krieges,
Remainder of title Gedichte.
260 ## - PUBLICATION, DISTRIBUTION, ETC.
Place of publication, distribution, etc. Planegg vor München,
Name of publisher, distributor, etc. Müller,
Date of publication, distribution, etc. 1944.
300 ## - PHYSICAL DESCRIPTION
Extent 80 p.
Dimensions 21 cm.

No items available.

Powered by Koha